000 00396nam a2200145Ia 4500
008 230917s9999||||xx |||||||||||||| ||und||
040 _e215204
_aMAIN
041 _aEnglish
082 _a570.14 D642C
100 _aDivan, Aysha
245 0 _aCommunication skills for the biosciences: A graduate guide
260 _aOxford
_bOxford University Press
_c2009
300 _axv, 270 p.
942 _cBK
999 _c177422
_d177422